| 000 | 00000nam 2200000zi 4500 |
| 001 | 9.934701 |
| 003 | CaOODSP |
| 005 | 20241120092132 |
| 006 | m o d f |
| 007 | cr mn||||||||| |
| 008 | 240229t20242024quca o f000 0 eng d |
| 020 | |a9780660705408 |
| 040 | |aCaOODSP|beng|erda|cCaOODSP |
| 086 | 1 |aFo113-1/132-2024E-PDF |
| 245 | 00|aPredicting insect attacks to better plan post-fire salvage logging operations. |
| 264 | 1|a[Quebec] : |bNatural Resources Canada = Ressources naturelles Canada, |c2024. |
| 264 | 4|c©2024 |
| 300 | |a1 online resource (2 unnumbered pages) : |bcolour illustrations. |
| 336 | |atext|btxt|2rdacontent |
| 337 | |acomputer|bc|2rdamedia |
| 338 | |aonline resource|bcr|2rdacarrier |
| 490 | 1 |aBranching out from the Canadian Forest Service - Laurentian Forestry Centre, |y1705-5792 ; |v132 |
| 500 | |aIssued also in French under title: Anticiper les attaques d'insectes pour mieux planifier les coupes de récupération après feu. |
| 500 | |aISSN of series should read 1705-5792. |
| 650 | 0|aForest insects|xForecasting. |
| 650 | 0|aTrees|xDiseases and pests|xForecasting. |
| 650 | 0|aSalvage logging|xEnvironmental aspects. |
| 650 | 0|aForest fires|xEnvironmental aspects. |
| 710 | 2 |aLaurentian Forestry Centre, |eissuing body. |
| 775 | 08|tAnticiper les attaques d'insectes pour mieux planifier les coupes de récupération après feu.|w(CaOODSP)9.934704 |
| 776 | 0#|tPredicting insect attacks to better plan post-fire salvage logging operations.|w(CaOODSP)9.934702 |
| 830 | #0|aBranching out from the Canadian Forest Service, Laurentian Forestry Centre ;|v132.|w(CaOODSP)9.504686 |
| 856 | 40|qPDF|s2.64 MB|uhttps://publications.gc.ca/collections/collection_2024/rncan-nrcan/Fo113-1-132-2024-eng.pdf |